000 00976cab a2200277 4500
001 ABS55155
008 090401t1996 xxu||||| |||| 00| 0 eng d
035 _a(Sirsi) u14561
041 _aeng
100 _aAdams, D.
245 _aMeasuring the influence of location on shopping centre space selection
260 _c1996
350 _a0
490 _aJournal of Property Research
_v13(2) Summer 1996, 175-182(8)
520 _aIn two parts, the first is a comment on the article (of same title) see Abstract 53568, and the authors state their reservations in respect to the methodology adopted and the conclusions reached. The authors of the original article respond.
650 _aLOCATION
650 _aLOCATIONAL FACTORS
650 _aSHOPPING CENTRES
650 _aSITE SELECTION
690 _aPROPERTY-COMMERCIAL PROPERTY-RETAIL PROPERTY
700 _aMatysiak, G.
700 _aForgey, F.
700 _aGoebel, P.
942 _n0
948 _c04/03/1997
999 _c9501
_d9501